header

Crime reconstruction (Record no. 94640)

MARC details
000 -LEADER
fixed length control field 01205nam a2200313Ia 4500
082 04 - DEWEY DECIMAL CLASSIFICATION NUMBER
Classification number 363.25
100 1# - MAIN ENTRY--AUTHOR NAME
Personal name Chisum, W. Jerry
245 10 - TITLE STATEMENT
Title Crime reconstruction
260 ## - PUBLICATION, DISTRIBUTION, ETC. (IMPRINT)
Place of publication New York :
Name of publisher Elsevier/Academic Press,
Year of publication 2006.
300 ## - PHYSICAL DESCRIPTION
Number of Pages xxvii, 587, [2] p.
650 #0 - SUBJECT ADDED ENTRY--TOPICAL TERM
Topical Term Criminal investigation.
Topical Term Forensic sciences.
700 1# - ADDED ENTRY--PERSONAL NAME
Personal name Turvey, Brent E.
856 40 - ELECTRONIC LOCATION AND ACCESS
Uniform Resource Identifier http://site.ebrary.com/lib/rucke/Doc?id=10151444

No items available.

© 2026 Rongo University
Contact us: librarian | system librarian | Rongo university